000 02106cam a2200409 a 4500
090 _c10206
001 15175990
005 20080918201035.0
008 080211s2009 cau b 001 0 eng
010 _a 2008006242
020 _a9781412965569 (cloth)
020 _a141296556X (cloth)
020 _a9781412965576 (pbk.)
020 _a1412965578 (pbk.)
035 _a(OCoLC)ocn192045753
035 _a(OCoLC)192045753
040 _aDLC
_cDLC
_dYDX
_dYDXCP
_dBAKER
_dBTCTA
_dCDX
_dDLC
050 0 0 _aH62
_b.C6963 2009
082 0 0 _a300.72CRE
_222
100 1 _aCreswell, John W.
245 1 0 _aResearch design :
_bqualitative, quantitative, and mixed methods approaches /
_cJohn W. Creswell.
250 _a3rd ed.
260 _aThousand Oaks, Calif. :
_bSage Publications,2009
_cc2009.
300 _axxix, 260 p. ;
_c26 cm.
504 _aIncludes bibliographical references (p. 237-245) and indexes.
650 0 _aSocial sciences
_xResearch
_xMethodology.
650 0 _aSocial sciences
_xStatistical methods.
906 _a7
_bcbc
_corignew
_d1
_eecip
_f20
_gy-gencatlg
942 _2ddc
_cNB
999 _c10206
_d10206